Catálogo

The one show. (Registro nro. 48202)

Detalles MARC
000 -LEADER
fixed length control field 00998cam a2200289 i 4500
001 - CONTROL NUMBER
control field 48202
003 - CONTROL NUMBER IDENTIFIER
control field Mx-PuUPA
005 - DATE AND TIME OF LATEST TRANSACTION
control field 20220304123412.0
008 - FIXED-LENGTH DATA ELEMENTS--GENERAL INFORMATION
fixed length control field 140415s2004 nyua gr 000 0 eng d
020 ## - INTERNATIONAL STANDARD BOOK NUMBER
International Standard Book Number 0929837231
040 ## - CATALOGING SOURCE
Original cataloging agency Mx-PuUPA
Language of cataloging spa
Transcribing agency Mx-PuUPA
Modifying agency Mx-PuUPA
Description conventions rda
041 0# - LANGUAGE CODE
Language code of text/sound track or separate title eng
245 04 - TITLE STATEMENT
Title The one show.
Number of part/section of a work Volume 26.
Name of part/section of a work Advertising's best print, design, radio & tv /
Statement of responsibility, etc. editor, Yash Egami
264 #1 - PRODUCTION, PUBLICATION, DISTRIBUTION, MANUFACTURE, AND COPYRIGHT NOTICE
Place of production, publication, distribution, manufacture New York :
Name of producer, publisher, distributor, manufacturer One Club Production,
Date of production, publication, distribution, manufacture, or copyright notice ©2004
300 ## - PHYSICAL DESCRIPTION
Extent 551 páginas :
Other physical details fotografías (a color) ;
Dimensions 31 cm.
336 ## - CONTENT TYPE
Fuente rdacontent
Content type term texto
Content type code txt
337 ## - MEDIA TYPE
Source rdamedia
Media type term sin medio
Media type code n
338 ## - CARRIER TYPE
Source rdacarrier
Carrier type term volumen
Carrier type code nc
490 0# - SERIES STATEMENT
Series statement The one club for art and copy.
650 #7 - SUBJECT ADDED ENTRY--TOPICAL TERM
Topical term or geographic name entry element Arte publicitario
General subdivision Premios
Source of heading or term armarc
650 #7 - SUBJECT ADDED ENTRY--TOPICAL TERM
Topical term or geographic name entry element Artes gráficas
General subdivision Premios
Source of heading or term armarc
650 #7 - SUBJECT ADDED ENTRY--TOPICAL TERM
Topical term or geographic name entry element Publicidad por televisión
General subdivision Premios
Source of heading or term armarc
700 1# - ADDED ENTRY--PERSONAL NAME
Personal name Egami, Yash,
Relator term editor
9 (RLIN) 12191
942 ## - ADDED ENTRY ELEMENTS (KOHA)
Source of classification or shelving scheme Dewey Decimal Classification
Koha item type Libro
Classification part 741.6
Item part O5843
Existencias
Withdrawn status Lost status Source of classification or shelving scheme Damaged status Not for loan Collection code Home library Current library Shelving location Date acquired Source of acquisition Total Checkouts Full call number Barcode Date last seen Price effective from Koha item type
    Dewey Decimal Classification     Referencia Biblioteca Karol Wojtyla Biblioteca Karol Wojtyla Área de silencio 03/12/2013 Compra   741.6 O5843 2004 72137 05/01/2026 03/12/2013 Libro R